SEE NO EVIL UNCOVERING THE TRUTH BEHIND (Record no. 27311)

MARC details
000 -LEADER
fixed length control field 00354nam a2200133Ia 4500
008 - FIXED-LENGTH DATA ELEMENTS--GENERAL INFORMATION
fixed length control field 240624s9999 xx 000 0 und d
041 ## - LANGUAGE CODE
Language code of text/sound track or separate title eng
082 ## - DEWEY DECIMAL CLASSIFICATION NUMBER
Classification number 332.1 BAN
100 ## - MAIN ENTRY--PERSONAL NAME
Personal name BANKS ERIK
245 ## - TITLE STATEMENT
Title SEE NO EVIL UNCOVERING THE TRUTH BEHIND
260 ## - PUBLICATION, DISTRIBUTION, ETC.
Date of publication, distribution, etc. 2011
Place of publication, distribution, etc. New York
Name of publisher, distributor, etc. Palgrave Macmillan
300 ## - PHYSICAL DESCRIPTION
Extent vi, : 239 : p. : cm. ; 24
365 ## - TRADE PRICE
Currency code GBP
Price amount 50
Holdings
Withdrawn status Lost status Damaged status Not for loan Home library Current library Shelving location Date acquired Source of acquisition Cost, normal purchase price Full call number Barcode Date last seen Copy number Price effective from Koha item type
        IMTN IMTN Rack 9-A 04/25/2016 BKI 33.99 332.1 BAN 27311 06/24/2024 100.9 06/24/2024 Books
Designed & Maintained by: LRC IMT Nagpur Contact: lrc@imtnag.ac.in© 2024. All Rights Reserved.